Závesné bodovky.

Uloženo v:
Podrobná bibliografie
Korporativní autor: Weldconsult, spol. s r.o. (Bratislava) (Autor)
Médium: Kniha
Jazyk:slovenština
čeština
němčina
angličtina
Vydáno: [S.l.] : [s.n.], 2009
Vydání:[1. vyd.]
Témata:
On-line přístup: Získat plný text
Tagy: Přidat tag
Žádné tagy, Buďte první, kdo vytvoří štítek k tomuto záznamu!

MARC

LEADER 00000nam a2200000 4500
003 SK-BrCVT
005 20220621162721.0
008 100312s2009 xo e ||||||slo d
035 |a CVTIDW1522512 
040 |b slo  |a CVTI SR  |e AACR2 
041 0 |a slo  |a cze  |a ger  |a eng 
044 |a xo 
080 |a 621.791.03  |2 UDC-MRF 
080 |a 621.791.763  |2 UDC-MRF 
110 2 |4 aut  |a Weldconsult, spol. s r.o. (Bratislava) 
245 1 0 |a Závesné bodovky. 
250 |a [1. vyd.] 
260 |a [S.l.] :  |b [s.n.],  |c 2009 
300 |a [10 s.] :  |b obr., tab. ; 
653 1 |a bodové zváranie  |a zváracie zariadenie 
910 |b F029638 
959 |a 5519 
974 |f Firemná literatúra 
992 |a FFP 
999 |c 152047  |d 152047